[Event "Sydney NSW op"]
[Site "Sydney"]
[Date "2022.06.11"]
[Round "1"]
[White "Liu, Yi"]
[Black "Case, Ivan"]
[Result "1-0"]
[WhiteElo "2267"]
[BlackElo "1580"]
[PlyCount "63"]
[EventDate "2022.06.11"]
[EventType "swiss"]
[EventRounds "7"]
[EventCountry "AUS"]
[SourceTitle "CBM 208 Extra"]
[Source "ChessBase"]
[SourceDate "2022.07.31"]
[SourceVersion "1"]
[SourceVersionDate "2022.07.31"]
[SourceQuality "1"]

1. d4 Nf6 2. c4 g6 3. Nc3 Bg7 4. e4 d6 5. Be2 0-0 6. Nf3 c5 7. d5 Nbd7 8. 0-0 Ne8 9. Bf4 Ne5 10. Nxe5 dxe5 11. Be3 b6 12. a3 Nd6 13. b4 cxb4 14. axb4 f5 15. f3 f4 16. Bf2 g5 17. c5 bxc5 18. bxc5 Nf7 19. c6 a5 20. Na4 Rb8 21. Qc2 Qc7 22. Rfb1 Nd6 23. Bb6 Rxb6 24. Nxb6 Qa7 25. Qc5 h5 26. Qxa5 Qxa5 27. Rxa5 g4 28. Ra8 gxf3 29. Bxf3 h4 30. Nxc8 Rxc8 31. Rxc8+ Nxc8 32. Rb8 1-0

[Event "AUS-ch Minor"]
[Site "Cammeray"]
[Date "2013.01.10"]
[Round "8"]
[White "Ombina, Edward P"]
[Black "Case, Ivan"]
[Result "1/2-1/2"]
[WhiteElo "1415"]
[BlackElo "1489"]
[PlyCount "65"]
[EventDate "2013.01.02"]
[EventType "swiss"]
[EventRounds "11"]
[EventCountry "AUS"]
[SourceTitle "EXT 2022"]
[Source "ChessBase"]
[SourceDate "2021.10.06"]
[SourceVersion "1"]
[SourceVersionDate "2021.10.06"]
[SourceQuality "1"]

1. e4 d6 2. d4 Nf6 3. Nc3 c6 4. Nf3 g6 5. e5 Nd5 6. Nxd5 cxd5 7. c3 dxe5 8. Nxe5 a6 9. Be2 Bg7 10. f4 0-0 11. 0-0 Bf5 12. Bf3 Nc6 13. Qb3 Nxe5 14. fxe5 e6 15. Qxb7 h5 16. Qb3 h4 17. Qd1 g5 18. Bg4 Be4 19. h3 f5 20. exf6 Rxf6 21. Rxf6 Qxf6 22. Qf1 Qe7 23. Be3 Rf8 24. Qe2 e5 25. Rf1 Rxf1+ 26. Qxf1 exd4 27. Bxd4 Bxd4+ 28. cxd4 Qd6 29. Qf2 Qf4 30. Bf3 Qc1+ 31. Kh2 Qf4+ 32. Kg1 Qc1+ 33. Kh2 1/2-1/2

[Event "AUS-ch Minor"]
[Site "Cammeray"]
[Date "2013.01.08"]
[Round "7"]
[White "Case, Ivan"]
[Black "Gardiner Garden, Aelfric"]
[Result "0-1"]
[WhiteElo "1489"]
[BlackElo "1311"]
[PlyCount "46"]
[EventDate "2013.01.02"]
[EventType "swiss"]
[EventRounds "11"]
[EventCountry "AUS"]
[SourceTitle "EXT 2022"]
[Source "ChessBase"]
[SourceDate "2021.10.06"]
[SourceVersion "1"]
[SourceVersionDate "2021.10.06"]
[SourceQuality "1"]

1. Nf3 f5 2. g3 g6 3. Bg2 Nf6 4. d3 Bg7 5. 0-0 0-0 6. Nbd2 Nh5 7. e4 f4 8. g4 Nf6 9. h3 d6 10. d4 Nc6 11. Re1 Nd7 12. c3 e5 13. dxe5 Ndxe5 14. Nb3 Nxf3+ 15. Qxf3 Ne5 16. Qd1 f3 17. Bf1 Bxg4 18. hxg4 Qh4 19. Nd4 Qxg4+ 20. Kh1 Qh5+ 21. Kg1 c5 22. Qb3+ Kh8 23. Ne6 Ng4 0-1

[Event "AUS-ch Minor"]
[Site "Cammeray"]
[Date "2013.01.02"]
[Round "1"]
[White "Fernandez, Nick"]
[Black "Case, Ivan"]
[Result "1/2-1/2"]
[WhiteElo "1276"]
[BlackElo "1489"]
[PlyCount "33"]
[EventDate "2013.01.02"]
[EventType "swiss"]
[EventRounds "11"]
[EventCountry "AUS"]
[SourceTitle "EXT 2022"]
[Source "ChessBase"]
[SourceDate "2021.10.06"]
[SourceVersion "1"]
[SourceVersionDate "2021.10.06"]
[SourceQuality "1"]

1. d4 Nf6 2. c4 g6 3. Nf3 Bg7 4. g3 0-0 5. Bg2 d6 6. Nc3 c6 7. 0-0 Nbd7 8. Qd3 e5 9. d5 Nc5 10. Qd1 a5 11. Bg5 h6 12. Bxf6 Bxf6 13. dxc6 bxc6 14. Nd2 Ra6 15. Nde4 Nxe4 16. Nxe4 Be7 17. Qd2 1/2-1/2

[Event "AUS-ch Minor"]
[Site "Cammeray"]
[Date "2011.01.12"]
[Round "10"]
[White "Quek, Bob"]
[Black "Case, Ivan"]
[Result "0-1"]
[WhiteElo "1271"]
[BlackElo "1241"]
[PlyCount "82"]
[EventDate "2011.01.02"]
[EventType "swiss"]
[EventRounds "11"]
[EventCountry "AUS"]
[SourceTitle "EXT 2012"]
[Source "ChessBase"]
[SourceDate "2011.11.24"]
[SourceVersion "1"]
[SourceVersionDate "2011.11.24"]
[SourceQuality "1"]

1. d4 Nf6 2. c4 g6 3. Nc3 Bg7 4. e4 d6 5. Nf3 Bg4 6. Be2 0-0 7. h3 Bxf3 8. Bxf3 e5 9. Be3 Nbd7 10. 0-0 a6 11. Qd2 exd4 12. Bxd4 Re8 13. Rfe1 Ne5 14. Bxe5 Rxe5 15. Rad1 b5 16. c5 Ne8 17. b4 Qh4 18. cxd6 Nxd6 19. Qd3 Rae8 20. Nd5 Nxe4 21. Bxe4 Rxe4 22. Rxe4 Qxe4 23. Qxe4 Rxe4 24. Nxc7 Rxb4 25. Rd8+ Bf8 26. Ra8 Ra4 27. Rxa6 Rxa6 28. Nxa6 f5 29. f3 Kf7 30. Kf2 Ke7 31. Nc7 b4 32. Nd5+ Ke6 33. Ne3 Ke5 34. Ke2 Kd4 35. Kd2 Bh6 36. Kc2 Bxe3 37. Kb3 Bd2 38. Kc2 Ke3 39. Kd1 Bc3 40. Kc2 Be1 41. Kb3 Kf2 0-1

[Event "AUS-ch Minor"]
[Site "Cammeray"]
[Date "2011.01.07"]
[Round "6"]
[White "Case, Ivan"]
[Black "Stathos, Dimitrios"]
[Result "1-0"]
[WhiteElo "1241"]
[BlackElo "724"]
[PlyCount "73"]
[EventDate "2011.01.02"]
[EventType "swiss"]
[EventRounds "11"]
[EventCountry "AUS"]
[SourceTitle "EXT 2012"]
[Source "ChessBase"]
[SourceDate "2011.11.24"]
[SourceVersion "1"]
[SourceVersionDate "2011.11.24"]
[SourceQuality "1"]

1. e4 e5 2. f4 d6 3. Nf3 Nc6 4. Bc4 Bg4 5. 0-0 Qd7 6. d3 0-0-0 7. Nc3 Nd4 8. f5 Nxf3+ 9. gxf3 Bh5 10. Be3 Nf6 11. a4 g6 12. Bxa7 gxf5 13. Kh1 Rg8 14. Rg1 Rxg1+ 15. Kxg1 Bh6 16. Qe2 Rg8+ 17. Kh1 f4 18. Rg1 Qh3 19. Rf1 Rg1+ 20. Kxg1 b6 21. Ba6+ Kd8 22. b4 Bg6 23. a5 Nd7 24. Nd5 Bh5 25. axb6 c6 26. Nc3 Qe6 27. Qg2 Qe8 28. b7 Ke7 29. b5 c5 30. Nd5+ Kf8 31. Qh3 Qd8 32. b8Q Nxb8 33. Bxb8 Bg5 34. Qc8 Kg7 35. Qxd8 Bxd8 36. Bxd6 Bb6 37. Nxb6 1-0

[Event "AUS-ch Minor"]
[Site "Cammeray"]
[Date "2011.01.05"]
[Round "4"]
[White "Case, Ivan"]
[Black "Harris, Bruce"]
[Result "1-0"]
[WhiteElo "1241"]
[BlackElo "1443"]
[PlyCount "61"]
[EventDate "2011.01.02"]
[EventType "swiss"]
[EventRounds "11"]
[EventCountry "AUS"]
[SourceTitle "EXT 2012"]
[Source "ChessBase"]
[SourceDate "2011.11.24"]
[SourceVersion "1"]
[SourceVersionDate "2011.11.24"]
[SourceQuality "1"]

1. e4 e5 2. f4 exf4 3. Nf3 g5 4. Bc4 d5 5. Bxd5 f5 6. Ne5 g4 7. 0-0 Nh6 8. d4 c6 9. Bb3 Qe7 10. exf5 Bxf5 11. Bxf4 Be6 12. Bxh6 Bxh6 13. Nxg4 Bxg4 14. Qxg4 Nd7 15. Qh5+ Kd8 16. Qxh6 Kc7 17. Qf4+ Kb6 18. c4 Raf8 19. Qd2 Rxf1+ 20. Kxf1 Rf8+ 21. Kg1 Qf6 22. Nc3 Kc7 23. Bc2 Qf7 24. d5 Ne5 25. dxc6 bxc6 26. b3 Qg7 27. Be4 Ng4 28. Rd1 Qf6 29. Qd7+ Kb8 30. Qd6+ Kb7 31. Bxc6+ 1-0

[Event "AUS-ch Minor"]
[Site "Cammeray"]
[Date "2011.01.04"]
[Round "3"]
[White "Low, Frank"]
[Black "Case, Ivan"]
[Result "1-0"]
[WhiteElo "1592"]
[BlackElo "1241"]
[PlyCount "81"]
[EventDate "2011.01.02"]
[EventType "swiss"]
[EventRounds "11"]
[EventCountry "AUS"]
[SourceTitle "EXT 2012"]
[Source "ChessBase"]
[SourceDate "2011.11.24"]
[SourceVersion "1"]
[SourceVersionDate "2011.11.24"]
[SourceQuality "1"]

1. Nf3 Nf6 2. d4 g6 3. c4 Bg7 4. Nc3 0-0 5. e4 d6 6. Be2 Nbd7 7. 0-0 c5 8. h3 cxd4 9. Nxd4 Nc5 10. Bf3 Qb6 11. Nd5 Nxd5 12. exd5 e5 13. dxe6 fxe6 14. Nb3 Nxb3 15. Qxb3 Qxb3 16. axb3 Rf7 17. Rd1 Be5 18. Be3 Bxb2 19. Rxa7 Rxa7 20. Bxa7 Ba3 21. Bb8 Rd7 22. Bg4 Kf7 23. h4 h5 24. Bh3 b6 25. Rd3 Ke7 26. Rd1 Rb7 27. Ra1 Rxb8 28. Rxa3 Bd7 29. g3 d5 30. cxd5 exd5 31. Ra7 Rd8 32. Rb7 d4 33. Kf1 Kd6 34. Bxd7 Rxd7 35. Rxb6+ Kc5 36. Rxg6 d3 37. Ke1 d2+ 38. Kd1 Kb4 39. Rg5 Kxb3 40. Rxh5 Kc3 41. Rc5+ 1-0

[Event "AUS-ch Minor"]
[Site "Cammeray"]
[Date "2011.01.03"]
[Round "2"]
[White "Yamini, Saleh"]
[Black "Case, Ivan"]
[Result "0-1"]
[WhiteElo "178"]
[BlackElo "1241"]
[PlyCount "42"]
[EventDate "2011.01.02"]
[EventType "swiss"]
[EventRounds "11"]
[EventCountry "AUS"]
[SourceTitle "EXT 2012"]
[Source "ChessBase"]
[SourceDate "2011.11.24"]
[SourceVersion "1"]
[SourceVersionDate "2011.11.24"]
[SourceQuality "1"]

1. d4 Nf6 2. Nc3 g6 3. Nf3 Bg7 4. e4 d6 5. Be3 0-0 6. Bc4 Nbd7 7. 0-0 a6 8. d5 c5 9. Qe2 b5 10. Bxb5 axb5 11. Qxb5 Ba6 12. Qc6 Bxf1 13. Kxf1 Qa5 14. Bd2 Qb6 15. Ke2 Qxc6 16. dxc6 Nb6 17. e5 Nfd5 18. exd6 exd6 19. Rh1 Nxc3+ 20. bxc3 Rfc8 21. h4 h5 0-1